| 000 | 00671nam a2200229 a 4500 | ||
|---|---|---|---|
| 005 | 20250219063746.0 | ||
| 008 | 070820s2005 mx r 000 0 spa d | ||
| 020 | _a8449318149 | ||
| 035 | _aUPN01000151016 | ||
| 049 | _aCG | ||
| 050 | 4 |
_aDP270 _bD5.3 |
|
| 100 | 1 | _aDi Febo, Giuliana | |
| 245 | 1 | 3 |
_aEl franquismo / _cGiuliana Di Febo, Santos Juliá. |
| 260 |
_aBarcelona, Esp. : _bPaidós, _c2005. |
||
| 300 | _a190 p. | ||
| 440 | 0 |
_aPaidós historia contemporánea ; _v35 |
|
| 534 |
_pTítuto original: _tIl franchismo |
||
| 651 | 4 |
_aESPAÑA - _xHISTORIA - _y1936-1975 _97383 |
|
| 650 | 2 |
_aFranquismo _97385 |
|
| 700 | 1 |
_aJuliá, Santos, _ecoaut. |
|
| 905 | _aLibro | ||
| 999 |
_c123156 _d123156 |
||